| 000 | 01454nam a22002897a 4500 | ||
|---|---|---|---|
| 999 |
_c21903 _d21903 |
||
| 003 | AR-CdUCM | ||
| 008 | 190425b ||||| |||| 00| 0 spa d | ||
| 040 |
_aMUNICIPALIDAD PROVINCIAL DEL CUSCO _cBIBLIOTECA MUNICIPAL DEL CUSCO |
||
| 082 | _aRev.CuHis/N°1/1920 | ||
| 245 |
_aRevista Cuzco Histórico : _bórgano de la Comisión Histórico Eclesiástica / _cJosé Gabriel Cosío. Director |
||
| 260 |
_aCusco : _bLiga Sagrada, _c1920. |
||
| 300 |
_a100 páginas. : _c22 cm. |
||
| 440 |
_aCuzco Histórico. _nAño I, N°1, julio 1920. _946757 |
||
| 500 | _aCuzco Histórico revista de carácter histórico arqueológico, publicación trimestral. | ||
| 505 | _aContenido: Los monasterios del Cuzco. Fortunato L. Herrera. -- Apuntes de un viaje al Cuzco. José de la Riva Agüero. -- Episcopologio cusqueño. Juan Antonio Casanova. -- Actas inéditas del Cabildo cusqueño. -- El colegio de Educandas. Fidelia Mendoza. -- El nombre de Sicuani. Fidel M. Cosío. -- Heroísmo de Cahuide. Pedro Pizarro. -- El Ollantay, Usca Pauccar. | ||
| 650 |
_aHistoria del Cusco _91714 |
||
| 650 |
_aHistoria eclesiástica _942856 |
||
| 650 |
_aEtimología Quechua _946758 |
||
| 650 |
_aLiteratura Quechua _97789 |
||
| 700 |
_aHerrera, Fortunato _945903 |
||
| 700 |
_aCosío, José Gabriel _911720 |
||
| 700 |
_aCasanova, Juan Antonio _946549 |
||
| 700 |
_aDe la Riva Agüero, José _927860 |
||
| 700 |
_aPizarro, Pedro _912741 |
||
| 942 |
_2ddc _cPP |
||
| 945 | _arac | ||